Jetpunk Generator Puzzle #3 - Statistics

General Stats
  • This quiz has been taken 92 times
  • The average score is 12 of 20
Answer Stats
Hint Answer % Correct
snake-like fish eel
95%
what cameras see through lens
88%
Famous Scottish loch Ness
88%
observed seen
84%
observes sees
79%
reduce lessen
76%
prophesier of the future seer
73%
calm, peaceful serene
69%
to laugh with contempt sneer
67%
look or glare at, lasciviously or unpleasantly leer
57%
Lesotho's internet suffix .ls
56%
maiden (or birth) name née
56%
Scottish dance reel
51%
Do this, or ____ else
47%
lease landlord lessee
45%
Welsh saint (Helen, in English) Elen
36%
ridiculous, pointless, meaningless senseless
33%
airport code of Longreach, Australia LRE
25%
10-letter Jetpunker RELESSNESS
20%
1 Samoan tala = 100 ? sene
12%
No matching quizzes found
Score Distribution
Percent of People with Each Score
Percentile by Number Answered
Your Score History
You have not taken this quiz